| 000 | 01073 a2200229 4500 | ||
|---|---|---|---|
| 001 | 16004 | ||
| 005 | 20260407155452.0 | ||
| 008 | 260407a1988 arg spa d | ||
| 003 | AR-UNSa-BCEJYS | ||
| 040 |
_aAR-UNSa-BCEJYS _bspa _cAR-UNSa-BCEJYS |
||
| 080 |
_a519.2 _xProbabilidades y estadística matemática |
||
| 245 | 1 | 0 | _aTeoría y problemas de probabilidad y estadística |
| 020 | _a968-451-102-7 | ||
| 264 | 1 |
_aMéxico : _bMcGraw-Hill _c1988 |
|
| 300 |
_a372 p. _c27 cm. |
||
| 505 | _a1. Conjuntos y probabilidad - 2. Variables aleatorias y distribuciones de probabilidad - 3. Esperanza matemática - 4. Distribución de probabilidad con nombre propio - 5. Teoría de muestreo - 6. Teoría de estimación - 7. Ensayos de hipotesis y significación - 8. Curva de ajuste, regresión y correlación - 9. Análisis de varianza | ||
| 942 | _cBK | ||
| 590 | _aniveau_biblio:m niveau_hierar:0 | ||
| 100 | 1 | _aOsuna Suarez, Jairo | |
| 700 | 1 | _aSpiegel, Murray R. | |
| 856 | 4 | 1 |
_uhttps://www.biblioeco.unsa.edu.ar/pmb/images/libros/L127211.jpg _yImagen de portada _qimage/jpeg |
| 999 |
_c676 _d676 |
||